000 00326nam a2200121Ia 4500
008 220217s9999||||xx |||||||||||||| ||und||
100 _aChaudhuri, Pal, A
_93341
245 0 _aComputer organization and design
250 _a2nd
260 _bNew Delhi
_c2002
300 _aXII, 959p
_b350
650 _aCOMPUTER ARCHITECTURE
999 _c171437
_d171437